| 000 | 01047nam a2200229Ia 4500 | ||
|---|---|---|---|
| 003 | Ost | ||
| 005 | 20260507075437.0 | ||
| 008 | 260507s9999||||xx |||||||||||||| ||und|| | ||
| 040 | _cfsecg | ||
| 041 | _aara | ||
| 082 | _a658.15 | ||
| 100 |
_aالزيدانين، جميل سالم _eمؤلف |
||
| 245 | 0 |
_aادارة المؤسسات المالية المتخصصة : _b(الاردن حالة تطبيقية) / _c جميل سالم الزيدانين |
|
| 260 |
_aعمان: _bدار زهران, _c2009 |
||
| 300 |
_a206 صفحة؛ _bإيضاحات ؛ _c25 سم |
||
| 504 | _aببليوغرافيا: ص.253-256 | ||
| 520 | _aالجهاز المصرفي، البنوك المركزية، البنوك التجارية، البنوك الاسلامية، مؤسسات الاقراض المتخصصة، بعض المؤسسات الاقراض المتخصصة الاخرى، مؤسسات مالية متخصصة اخرى | ||
| 653 | _aالادارة المالية | ||
| 653 | _aالبنوك | ||
| 653 | _aالشركات | ||
| 942 | _cكتاب | ||
| 999 |
_c44550 _d44550 |
||